<?xml version="1.0" encoding="UTF-8"?>
<collection xmlns="http://www.loc.gov/MARC21/slim">
 <record>
  <leader>00882cam a2200205 7i4500</leader>
  <controlfield tag="001">0000029269</controlfield>
  <controlfield tag="005">20070809090000.0</controlfield>
  <datafield tag="020" ind1="#" ind2="0">
   <subfield code="a">4274905101 </subfield>
  </datafield>
  <datafield tag="020" ind1="#" ind2="0">
   <subfield code="a">1586032356 </subfield>
  </datafield>
  <datafield tag="090" ind1="0" ind2="0">
   <subfield code="a">JN 96 A56 </subfield>
   <subfield code="b">P976</subfield>
  </datafield>
  <datafield tag="245" ind1="0" ind2="0">
   <subfield code="a">East-west cooperation in public sector reform : </subfield>
   <subfield code="b">cases and       results in Central and Eastern Europe  </subfield>
   <subfield code="c">edited by Frits van den Berg, Gy?rgy Jenei and Lance T. Leloup.</subfield>
  </datafield>
  <datafield tag="260" ind1="#" ind2="#">
   <subfield code="a">Amsterdam: </subfield>
   <subfield code="b">IOS Press, </subfield>
   <subfield code="c">2002.</subfield>
  </datafield>
  <datafield tag="300" ind1="#" ind2="#">
   <subfield code="a">xii, 183 p.: </subfield>
   <subfield code="b">ill.; </subfield>
   <subfield code="c">25 cm..</subfield>
  </datafield>
  <datafield tag="490" ind1="0" ind2="0">
   <subfield code="a">International Institute of Administrative Sciences  monographshs, 1382-4414; </subfield>
   <subfield code="v">v. 18</subfield>
  </datafield>
  <datafield tag="650" ind1="0" ind2="0">
   <subfield code="a">Public administration -- </subfield>
   <subfield code="x">Governement policy -- </subfield>
   <subfield code="z">Europe, Eastern </subfield>
  </datafield>
  <datafield tag="650" ind1="0" ind2="0">
   <subfield code="a">Public administration -- </subfield>
   <subfield code="x">Governement policy -- </subfield>
   <subfield code="z">Europe, Central </subfield>
  </datafield>
  <datafield tag="700" ind1="1" ind2="1">
   <subfield code="a">Jenei, </subfield>
   <subfield code="h">Gy?rgy </subfield>
  </datafield>
  <datafield tag="700" ind1="1" ind2="1">
   <subfield code="a">Berg, </subfield>
   <subfield code="h">Van Den </subfield>
  </datafield>
  <datafield tag="700" ind1="1" ind2="1">
   <subfield code="a">LeLoup, </subfield>
   <subfield code="h">Lance T. </subfield>
  </datafield>
  <datafield tag="999" ind1=" " ind2=" ">
   <subfield code="a">1100015106</subfield>
   <subfield code="b">Book</subfield>
   <subfield code="c">Open Shelf</subfield>
   <subfield code="e">KOLEKSI TERBUKA</subfield>
  </datafield>
 </record>
</collection>
